000 00535nam a2200193 a 4500
001 1770285653225
003 YourLibrary
005 20260205153744.0
008 260205s2002##################000#0#eng##
020 _a9780333998601
082 0 4 _a332.64028LIE
100 1 _aLiebenberg, Lauren,
_eauthor.
245 1 0 _aThe Electronic Financial Markets of the Future :
260 _bPalgrave MacMillan,
_c2002.
300 _a268 pages
650 0 _aBusiness & Economics.
942 _cENGLISH
040 _aYourLibrary
_beng
_cYourLibrary
999 _c610507
_d610507